Responses for Show #4486 - Monday, February 23, 2004

Arthur Gandolfi game 2.

Contestants

[<< previous game]

Deborah Walsh, a travel agent from Belchertown, Massachusetts

Matt McDonell, a high school math teacher from San Francisco, California

Arthur Gandolfi, a commercial real estate executive from New York, New York (whose 1-day cash winnings total $39,500)

[next game >>]

Jeopardy! Round responses

NONFICTION
COLLEGE BASKETBALL
SO. CAL.
"C" FOOD
ROYALTY
POSTAL ABBREVIATION SPELLING
(Alex: We'll give you the states, you combine their abbreviations into a brand new word.)
    $200 17
China

Matt
    $200 9
Shaquille O'Neal

Arthur
    $200 16
hot dogs

Deborah
    $200 5
churros

Deborah
    $200 1
(Matt: What is Norway?)

Sweden

ArthurMatt
    $200 26
cook

Arthur
    $400 22
(Alex: "He was born with [*] in his mouth.")

a silver spoon

Triple Stumper
    $400 10
(John) Wooden

Arthur
    $400 18
(Matt: Who are the Warner Brothers and the Warner Sister?)
[Initially ruled incrrect; reversed before Double Jeopardy! since "[o]ur judges should have known better than to mess with Matt, who has such a close relationship with children because we've just found out something that we did not know, and that is [*] do indeed represent the Warner Brothers and the Warner Sister, so we're giving him back $800."]

the Animaniacs

Matt
    $400 6
coleslaw

Matt
    $400 2
Hirohito

Arthur
    $400 28
(Arthur: What is vine?)
(Matt: What is vina?)

vane

ArthurMatt
Triple Stumper
    $600 23
the Dalai Lama

Matt
    $600 11
March Madness

Matt
    $600 19
Venice

Deborah
    $600 7
Camembert

Arthur
    $1,000 3
Prince Edward (Island)

Arthur
    $600 29
mime

Arthur
    $800 24
French Cooking

Deborah
    $800 12
Oscar Robertson

Arthur
    $800 20
Hollywood Blvd.

Triple Stumper
    $800 14
consommé

Deborah
    $800 4
King Hussein (of Jordan)

Deborah
    $800 30
pact

Arthur
    $1000 25
(Alex: With a minute to go.)

(Ann) Coulter

Arthur
    $1000 13
(James) Naismith

Arthur
    $1000 21
Long Beach

Triple Stumper
    $1000 15
cloves

Matt
    $1000 8
Princess Stephanie (of Monaco)

Arthur
    $1000 27
candor

Matt

Scores at the first commercial break (after clue 15):

Arthur Matt Deborah
$5,600 $1,800 $1,800

Scores at the end of the Jeopardy! Round:

Arthur Matt Deborah
$7,800 $3,600 $3,400

Double Jeopardy! Round responses

1953
FROM PAGE TO SCREEN
TREES
HOMOPHONIC PROPER NAMES
BE ON YOUR KIERKEGAARD
HERE "WE" COME!
    $400 1
Greenland

Triple Stumper
    $400 6
(Arthur: What is A Midsummer's Night's Dream?)
...
(Alex: You put an "S" on "Midsummer" and it cost you.)

A Midsummer Night's Dream

ArthurDeborah
    $400 11
South Dakota

Arthur
    $400 21
fissure/Fisher

Arthur
    $400 26
Søren

Arthur
    $400 14
weave

Deborah
    $800 2
a (federal) disaster area

Arthur
    $800 7
The Joy Luck Club

Matt
    $800 12
chestnut

Triple Stumper
    $800 22
Bern/burn

Deborah
    $800 27
faith

Matt
    $800 15
wean

Arthur
    $1200 3
(Chuck) Yeager

Arthur
    $1200 8
(Deborah: What is "The Paper Tiger?")

Paper Lion

Deborah
Triple Stumper
    $1200 13
(Arthur: What is spruce?)
(Matt: What is the conifers?)
(Deborah: What is evergreen?)

pine

ArthurMattDeborah
Triple Stumper
    $1200 23
two-lane/Tulane

Deborah
    $1200 28
Denmark

Triple Stumper
    $1200 16
the weak side

Arthur
    $1600 4
(Arthur: What is Korea?)

the Korean War

Arthur
    $1600 9
James Baldwin

Triple Stumper
    $1600 19
elm

Arthur
    $1600 24
Leeds/leads

Arthur
    $1600 29
(Deborah: What is Loathing?)
[The end-of-round signal sounds.]

Trembling

Deborah
Triple Stumper
    $1600 17
weasel

Arthur
    $2,400 5
(Alex: As the new secretary-general of the United Nations.)

Dag Hammarskjöld

Arthur
    $2000 10
Midnight in the Garden of Good and Evil

Matt
    $2,000 20
pistachios

Arthur
    $2000 25
(Alex: With a minute to go.)

Brest/breast

Arthur
    $2000 18
the Weimar Republic

Deborah

Scores at the end of the Double Jeopardy! Round:

Arthur Matt Deborah
$24,200 $6,000 $4,200
(lock game)

[wagering suggestions for these scores]

Final Jeopardy! Round responses

PRESIDENTIAL ELECTIONS
DeborahWho is Nixon
$1,801
MattWho is Nixon?
$2,401
ArthurWho is Cleveland
$10,000
(1 of 3) Andrew Jackson, William Henry Harrison or Grover Cleveland

Final scores:

Arthur Matt Deborah
$34,200 $3,599 $2,399
2-day champion: $73,700 2nd place: $2,000 3rd place: $1,000

Game dynamics:

Coryat scores:

Arthur Matt Deborah
$23,400 $6,000 $4,200
27 R
(including 3 DDs),
3 W
10 R,
3 W
11 R,
3 W

Combined Coryat: $33,600

[game clues] [game scores] [suggest correction]

Game tape date: 2003-12-02
The J! Archive is created by fans, for fans. Scraping, republication, monetization, and malicious use prohibited; this site may use cookies and collect identifying information. See terms. The Jeopardy! game show and all elements thereof, including but not limited to copyright and trademark thereto, are the property of Jeopardy Productions, Inc. and are protected under law. This website is not affiliated with, sponsored by, or operated by Jeopardy Productions, Inc. Join the discussion at JBoard.tv.